Countries That Produce The Most Cotton - Statistics

General Stats
  • This quiz has been taken 36 times
  • The average score is 7 of 10
Answer Stats
Rank Amount (In Metric Tonnes Country % Correct
3 3,500 Metric Tonnes China
97%
1 5,770 Metric Tonnes India
94%
2 3,999 Metric Tonnes United States of America
88%
4 2,787 Metric Tonnes Brazil
82%
5 1,655 Metric Tonnes Pakistan
82%
6 806 Metric Tonnes Turkey
76%
8 479 Metric Tonnes Australia
70%
9 198 Metric Tonnes Turkmenistan
39%
7 713 Metric Tonnes Uzbeckistan
39%
10 185 Metric Tonnes Burkina Faso
9%
No matching quizzes found
Score Distribution
Percent of People with Each Score
Percentile by Number Answered
Your Score History
You have not taken this quiz